| 000 | 00643nam a22001817a 4500 | ||
|---|---|---|---|
| 005 | 20111219170556.0 | ||
| 020 |
_a9788189934095 _c55.00 |
||
| 037 | _bPUB | ||
| 100 |
_aKasim, Serene _937198 |
||
| 245 |
_aKuttan follows a butterfly / _cby Serene Kasim; art by Sonal Panse |
||
| 260 |
_aNew Delhi _bKatha _c2008 |
||
| 270 |
_aA3 Sarvodaya Enclave, Sri Aurobindo Marg, _bNew Delhi _e110017 |
||
| 300 |
_aBook 1 (unpaged) _bill. _c20cm(pbk) |
||
| 490 |
_athe kuttan series _937199 |
||
| 700 |
_aPanse, Sonal _937200 |
||
| 942 |
_2ddc _cCH _mKAS |
||
| 999 |
_c59666 _d59666 |
||